MARC details
| 000 -CABECERA |
| campo de control de longitud fija |
01137nam a22002537a 4500 |
| 003 - IDENTIFICADOR DEL NÚMERO DE CONTROL |
| campo de control |
DO-SdBNP |
| 005 - FECHA Y HORA DE LA ÚLTIMA TRANSACCIÓN |
| campo de control |
20240412074310.0 |
| 007 - CAMPO FIJO DE DESCRIPCIÓN FÍSICA--INFORMACIÓN GENERAL |
| campo de control de longitud fija |
ta |
| 008 - DATOS DE LONGITUD FIJA--INFORMACIÓN GENERAL |
| campo de control de longitud fija |
100127t2007 dr 001 0dspa d |
| 040 ## - FUENTE DE LA CATALOGACIÓN |
| Centro catalogador/agencia de origen |
DO-SdBNP |
| Lengua de catalogación |
spa |
| Centro/agencia transcriptor |
BNPHU |
| 082 #4 - NÚMERO DE LA CLASIFICACIÓN DECIMAL DEWEY |
| Número de edición |
22 |
| 100 1# - ENTRADA PRINCIPAL--NOMBRE DE PERSONA |
| Nombre de persona |
Gómez Ramírez, José Miguel, |
| Fechas asociadas al nombre |
1948 - |
| 9 (RLIN) |
33753 |
| 245 10 - MENCIÓN DE TÍTULO |
| Título |
Trazs anecdóticos / |
| Mención de responsabilidad, etc. |
José Miguel Gómez Ramírez ; prólogo Isidra Mejías de la Rocha. |
| 260 ## - PUBLICACIÓN, DISTRIBUCIÓN, ETC. |
| Lugar de publicación, distribución, etc. |
Santo Domingo : |
| Nombre del editor, distribuidor, etc. |
Lozano, |
| Fecha de publicación, distribución, etc. |
2007. |
| 300 ## - DESCRIPCIÓN FÍSICA |
| Extensión |
482 p. ; |
| Dimensiones |
22 cm. |
| 500 ## - NOTA GENERAL |
| Nota general |
Incluye datos biográficos del autor en la contracubierta. |
| 505 2# - NOTA DE CONTENIDO CON FORMATO |
| Nota de contenido con formato |
Notas del autor-- |
| Título |
Prólogo -- |
| Mención de responsabilidad |
Minucias femeninas-- |
| Título |
Sabores de justicia -- |
| -- |
Rasgos militares -- |
| -- |
Trazos de muerte -- |
| -- |
Semblanza de animales -- |
| -- |
Conducta de escritores -- |
| -- |
Comportamiento de músicos -- |
| -- |
Mujeres extraordinarias -- |
| -- |
Peculiaridades -- |
| -- |
Cavilaciones -- |
| -- |
Religiosas -- |
| -- |
Otras. |
| 590 ## - NOTA LOCAL (RLIN) |
| Nota local |
Inventariado, 2023/BT |
| 650 #4 - PUNTO DE ACCESO ADICIONAL DE MATERIA--TÉRMINO DE MATERIA |
| Término de materia o nombre geográfico como elemento de entrada |
Personajes famosos |
| Subdivisión general |
Anécdotas, chístes y sátiras |
| 9 (RLIN) |
33755 |
| 650 #4 - PUNTO DE ACCESO ADICIONAL DE MATERIA--TÉRMINO DE MATERIA |
| Término de materia o nombre geográfico como elemento de entrada |
Anécdotas |
| 9 (RLIN) |
21242 |
| 650 #0 - PUNTO DE ACCESO ADICIONAL DE MATERIA--TÉRMINO DE MATERIA |
| Término de materia o nombre geográfico como elemento de entrada |
Literatura dominicana. |
| 9 (RLIN) |
67 |
| 700 1# - PUNTO DE ACCESO ADICIONAL--NOMBRE DE PERSONA |
| Nombre de persona |
Mejías de la Rocha, Isidra, |
| Término indicativo de función/relación |
prólogo |
| 9 (RLIN) |
33756 |
| 942 ## - ELEMENTOS DE PUNTO DE ACCESO ADICIONAL (KOHA) |
| Fuente del sistema de clasificación o colocación |
Dewey Decimal Classification |
| Tipo de ítem Koha |
Libro |